|
|
|
|
| LEADER |
00000nam2a2200000 4500 |
| 001 |
107350 |
| 005 |
20231031115244.0 |
| 010 |
|
|
|a 5275010028
|
| 035 |
|
|
|a (RuTPU)RU\TPU\book\115908
|
| 090 |
|
|
|a 107350
|
| 100 |
|
|
|a 20061221d2004 m y0rusy50 ca
|
| 101 |
1 |
|
|a rus
|c eng
|
| 102 |
|
|
|a RU
|
| 105 |
|
|
|a y z 000ay
|
| 200 |
0 |
|
|a Т. 7: Воин снегов
|e роман
|
| 210 |
|
|
|d 2004
|
| 215 |
|
|
|a 464 с.
|
| 330 |
|
|
|a Роберт Говард (1906—1936) — один из самых талантливых писателей-фантастов Соединенных Штатов Америки, чье творчество было очень ярким, а жизнь — очень короткой. В произведениях, включенных в седьмой том, сплелись в единый клубок любовь и предательство, древние тайны и сокровища доисторических рас, скрытые под пологом времени.
|
| 461 |
|
1 |
|0 (RuTPU)RU\TPU\book\116220
|y 5-275-00830-9
|t Собрание сочинений
|o в 8 т.
|o пер. с англ.
|f Р. И. Говард
|v Т. 7: Воин снегов: роман
|d 2003-2004
|
| 464 |
|
|
|t Воин снегов. Альмарик
|o романы
|
| 464 |
|
|
|t Ужас из кургана
|o рассказы
|
| 610 |
1 |
|
|a романы
|
| 610 |
1 |
|
|a английская литература
|
| 610 |
1 |
|
|a рассказы
|
| 675 |
|
|
|a 82
|v 3
|
| 801 |
|
1 |
|a RU
|b 63413507
|c 20061221
|g PSBO
|
| 801 |
|
2 |
|a RU
|b 63413507
|c 20070208
|g PSBO
|
| 942 |
|
|
|c BK
|